API TEXTBOOK OF MEDICINE (Record no. 216878)

MARC details
000 -LEADER
fixed length control field 00512nam a22001697a 4500
008 - FIXED-LENGTH DATA ELEMENTS--GENERAL INFORMATION
fixed length control field 260327b |||||||| |||| 00| 0 eng d
020 ## - INTERNATIONAL STANDARD BOOK NUMBER
International Standard Book Number 978-93-5465-636-1
050 ## - LIBRARY OF CONGRESS CALL NUMBER
Classification number RC 46.A65 2022
100 ## - MAIN ENTRY--PERSONAL NAME
Personal name SANDHYA A KAMATH
245 ## - TITLE STATEMENT
Title API TEXTBOOK OF MEDICINE
250 ## - EDITION STATEMENT
Edition statement 12th
260 ## - PUBLICATION, DISTRIBUTION, ETC.
Place of publication, distribution, etc. NEW DELHI
Name of publisher, distributor, etc. JAYPEE BROTHERS MEDICAL PUBLISHERS
Date of publication, distribution, etc. 2022
300 ## - PHYSICAL DESCRIPTION
Extent X,1038
650 ## - SUBJECT ADDED ENTRY
Topical term or geographic name entry element Internal medicine- textbook Clinical medicine -textbooks-medicine india-textbooks
942 ## - ADDED ENTRY ELEMENTS (KOHA)
Source of classification or shelving scheme Library of Congress Classification
Koha item type Long Loan Book
Holdings
Withdrawn status Lost status Source of classification or shelving scheme Damaged status Not for loan Collection Home library Current library Shelving location Date acquired Inventory number Total checkouts Full call number Barcode Date last seen Copy number Price effective from Koha item type
    Library of Congress Classification     Medicine Kisii University Library Kisii University Library On Display 03/27/2026 112566   RC 46.A65 2022 A000047 03/27/2026 C.1 03/27/2026 Long Loan Book
    Library of Congress Classification     Medicine Kisii University Library Kisii University Library On Display 03/27/2026 112567   RC 46.A65 2022 A000051 03/27/2026 C.2 03/27/2026 Long Loan Book
    Library of Congress Classification     Medicine Kisii University Library Kisii University Library On Display 03/27/2026 112568   RC 46.A65 2022 A000049 03/27/2026 C.3 03/27/2026 Long Loan Book
    Library of Congress Classification     Medicine Kisii University Library Kisii University Library On Display 03/27/2026 112569   RC 46.A65 2022 A000053 03/27/2026 C.4 03/27/2026 Long Loan Book
    Library of Congress Classification     Medicine Kisii University Library Kisii University Library On Display 03/27/2026 112570   RC 46.A65 2022 A000025 03/27/2026 C.1 03/27/2026 Long Loan Book
    Library of Congress Classification     Medicine Kisii University Library Kisii University Library On Display 03/27/2026 112571   RC 46.A65 2022 A000039 03/27/2026 C.2 03/27/2026 Long Loan Book
    Library of Congress Classification     Medicine Kisii University Library Kisii University Library On Display 03/27/2026 112572   RC 46.A65 2022 A000027 03/27/2026 C.3 03/27/2026 Long Loan Book
    Library of Congress Classification     Medicine Kisii University Library Kisii University Library On Display 03/27/2026 112573   RC 46.A65 2022 A000029 03/27/2026 C.4 03/27/2026 Long Loan Book